College Quizbowl Stats
College Quizbowl Stats
Circuits
Seasons
Sets
Records
Detailed Stats
About
Loading...
2024 ARCADIA at Penn State
Tossups
Bonuses
Players
Teams
Categories (Tossup)
Categories (Bonus)
Michael Soskil
Penn State A
Categories
Category
Powers
Gets
Negs
BBs
Points
Earliest Buzz
Avg. Buzz
First Buzzes
Top 3 Buzzes
Social Science
0
1
0
1
10
129
129.00
1
1
History - Ancient History
0
0
0
0
0
0.00
0
0
History - Other History
0
0
0
0
0
0.00
0
0
Philosophy
0
0
2
0
-10
0.00
0
0
Buzzes
Category
Answer
Value
Buzz Position
Philosophy
reasons
-5
87
Philosophy
knowledge
-5
87
History - Ancient History
Persian Immortals
0
126
Social Science
hiring process
10
129
History - Other History
bushrangers
0
137
Previous
1
Next